Základné údaje o cestných dopravných nehodách v Slovenskej republike za 1. polrok 1993

Salvato in:
Dettagli Bibliografici
Natura: Libro
Lingua:slovacco
Pubblicazione: Bratislava Štatistický úrad SR 1993
Tags: Aggiungi Tag
Nessun Tag, puoi essere il primo ad aggiungerne!!

MARC

LEADER 00000nam a2200000 4500
001 c004366
005 20260220084428.0
041 0 |a slo 
044 |a SK 
245 1 0 |a Základné údaje o cestných dopravných nehodách v Slovenskej republike za 1. polrok 1993  |c Július Fajner 
264 1 |a Bratislava  |b Štatistický úrad SR  |c 1993 
300 |a 14 s.